| 000 | 00529nam a2200205 a 4500 | ||
|---|---|---|---|
| 005 | 20210219152956.0 | ||
| 008 | 991125n 000 0 u | ||
| 035 | _aUPN01000070202 | ||
| 100 | 1 | _aJennings, Chris | |
| 222 | _aCOUNSELING PSYCHOLOGIST | ||
| 245 | _aA critique of Mary Ann Hoffman's psychosocial model | ||
| 300 | _a558-560 | ||
| 362 | 0 | _a1991 Vol. 19, no. 4 | |
| 653 | 0 | _aVIH/SIDA | |
| 653 | 0 | _aASESORIA | |
| 700 | 0 | _aJennings, Karen E., | |
| 700 | 1 | _ecoaut. | |
| 904 |
_aAC _b008013 |
||
| 905 | _aArticulo | ||
| 999 |
_c65279 _d65279 |
||